Caring enough to confront / (Record no. 353)

MARC details
000 -LEADER
fixed length control field 00834cam a2200265 i 4500
001 - CONTROL NUMBER
control field 413887
003 - CONTROL NUMBER IDENTIFIER
control field GBCCL
005 - DATE AND TIME OF LATEST TRANSACTION
control field 20241126110336.0
008 - FIXED-LENGTH DATA ELEMENTS--GENERAL INFORMATION
fixed length control field 800802s1980 cau b 000 0 eng
010 ## -
-- 80123568
020 ## - INTERNATIONAL STANDARD BOOK NUMBER
International Standard Book Number 0830707336 :
Terms of availability $3.95
040 ## - CATALOGING SOURCE
Original cataloging agency DLC
Transcribing agency DLC
Modifying agency DLC
050 00 -
-- BV4501.2
-- .A883 1980
082 00 - DEWEY DECIMAL CLASSIFICATION NUMBER
Classification number 248.4897
Edition information 19
Item number AUG
100 1# - MAIN ENTRY--PERSONAL NAME
Personal name Augsburger, David W.
9 (RLIN) 419
245 10 - TITLE STATEMENT
Title Caring enough to confront /
Statement of responsibility, etc. David Augsburger.
250 ## - EDITION STATEMENT
Edition statement Rev. ed.
260 ## - PUBLICATION, DISTRIBUTION, ETC.
Place of publication, distribution, etc. Glendale, Calif. :
Name of publisher, distributor, etc. G/L Regal Books,
Date of publication, distribution, etc. c1980, 1981.
300 ## - PHYSICAL DESCRIPTION
Extent 142 p. ;
Dimensions 21 cm.
504 ## - BIBLIOGRAPHY, ETC. NOTE
Bibliography, etc. note Includes bibliographical references.
650 #0 - SUBJECT ADDED ENTRY--TOPICAL TERM
Topical term or geographic name entry element Christian life
General subdivision Mennonite authors.
9 (RLIN) 420
650 #0 - SUBJECT ADDED ENTRY--TOPICAL TERM
Topical term or geographic name entry element Interpersonal conflict
General subdivision Religious aspects
-- Christianity.
9 (RLIN) 421
906 ## - LOCAL DATA ELEMENT F, LDF (RLIN)
a 7
b cbc
c orignew
d 2
e ncip
f 19
g y-gencatlg
942 ## - ADDED ENTRY ELEMENTS (KOHA)
Source of classification or shelving scheme Dewey Decimal Classification
Koha item type Books
Holdings
Withdrawn status Lost status Source of classification or shelving scheme Damaged status Not for loan Home library Current Library Shelving location Date acquired Total checkouts Full call number Barcode Date last seen Copy number Price effective from Koha item type Date last checked out
    Dewey Decimal Classification     GRACE BIBLE COLLEGE GRACE BIBLE COLLEGE Ministry & Mission 2016-10-20   248.4897 AUG 013315 2025-05-01 c.1 2016-10-20 Books  
    Dewey Decimal Classification     GRACE BIBLE COLLEGE GRACE BIBLE COLLEGE Ministry & Mission 2016-10-20   248.4897 AUG 013316 2025-05-01 c.2 2016-10-20 Books  
    Dewey Decimal Classification     GRACE BIBLE COLLEGE GRACE BIBLE COLLEGE Ministry & Mission 2016-10-20   248.4897 AUG 013317 2025-05-01 c.3 2016-10-20 Books  
    Dewey Decimal Classification     GRACE BIBLE COLLEGE GRACE BIBLE COLLEGE Ministry & Mission 2016-10-20 2 248.4897 AUG 013318 2025-05-01 c.4 2016-10-20 Books 2016-10-20
    Dewey Decimal Classification     GRACE BIBLE COLLEGE GRACE BIBLE COLLEGE Ministry & Mission 2016-10-21   248.4897 AUG 013319 2025-05-01 c.5 2016-10-21 Books  
    Dewey Decimal Classification     GRACE BIBLE COLLEGE GRACE BIBLE COLLEGE Ministry & Mission 2016-10-21   248.4897 AUG 013320 2025-05-01 c.6 2016-10-21 Books  
    Dewey Decimal Classification     GRACE BIBLE COLLEGE GRACE BIBLE COLLEGE Ministry & Mission 2016-10-21   248.4897 AUG 013321 2025-05-01 c.7 2016-10-21 Books  
    Dewey Decimal Classification     GRACE BIBLE COLLEGE GRACE BIBLE COLLEGE Ministry & Mission 2016-10-21   248.4897 AUG 013322 2025-05-01 c.8 2016-10-21 Books  
© Grace Bible College Library 2025